[Event "FICGS class D 000094 email"]
[Site "FICGS email"]
[Date "2008.07.13"]
[Round "1"]
[White "Franco, Ruddy"]
[Black "Murray, Michael"]
[Result "1-0"]
[WhiteElo "1500"]
[BlackElo "1800"]
[PlyCount "33"]
[EventDate "2008.??.??"]
[EventType "tourn (corr)"]
[EventRounds "6"]
[SourceTitle "Corr 2022"]
[Source "ChessBase"]
[SourceDate "2021.10.24"]
[SourceVersion "1"]
[SourceVersionDate "2021.10.24"]
[SourceQuality "1"]

1. e4 c6 2. d4 d5 3. e5 Bf5 4. h4 h5 5. Ne2 e6 6. a3 c5 7. Nbc3 Nc6 8. Be3 cxd4 9. Nxd4 Bc5 10. Nxf5 Bxe3 11. Nxg7+ Ke7 12. fxe3 Nxe5 13. Nxh5 Qb6 14. Qd4 Qd6 15. Be2 a6 16. 0-0-0 b5 17. e4 1-0

[Event "FICGS class D 000094 email"]
[Site "FICGS email"]
[Date "2008.07.13"]
[Round "1"]
[White "Murray, Michael"]
[Black "Ruslin, Alexey"]
[Result "0-1"]
[WhiteElo "1800"]
[BlackElo "1700"]
[PlyCount "20"]
[EventDate "2008.??.??"]
[EventType "tourn (corr)"]
[EventRounds "6"]
[SourceTitle "Corr 2022"]
[Source "ChessBase"]
[SourceDate "2021.10.24"]
[SourceVersion "1"]
[SourceVersionDate "2021.10.24"]
[SourceQuality "1"]

1. c4 Nf6 2. Nf3 b6 3. g3 Bb7 4. Bg2 e6 5. 0-0 Nc6 6. Nc3 Be7 7. d3 0-0 8. Bd2 d5 9. Qc2 Nb4 10. Qc1 c5 0-1